| 000 | 00763nam a2200205Ia 4500 | ||
|---|---|---|---|
| 001 | 2465 | ||
| 003 | GE_BSU | ||
| 008 | 181216s||||||||xx |||||||||||||| ||und|| | ||
| 040 | _cGE_BSU | ||
| 080 | _a349 | ||
| 245 | _aსაქართველოს საბაჟო კოდექსი | ||
| 245 | _bკომენტარები საბაჟო დეპარტამენ6ტი | ||
| 245 | _cვიქტორ ლორთქიფანიძის ხელმძღვანელობით | ||
| 260 | _aთბილისი | ||
| 260 | _c1998 | ||
| 300 | _a497 გვ. | ||
| 541 | _h12 ლ. | ||
| 653 | _aსაქართველოს საბაჟო კოდექსი კომენტარები | ||
| 942 | _cBK | ||
| 999 |
_c36546 _d36546 |
||